000 00785nam a22002055i 4500
001 170129
003 ES-MaACL
005 20250814234932.0
008 090204s1988 cl |||| | spa d
080 _a342.7(100)
100 0 _aPacheco Gómez, Máximo.
_988133
245 1 4 _aLos derechos fundamentales de la persona humana /
_cMáximo Pacheco Gómez ; discurso de recepción del académico Eugenio Velasco Letelier.
260 _aSantiago de Chile :
_bEditorial Universitaria,
_c[1988?]
300 _a36 p. ;
_c27 cm.
650 1 7 _aDerechos humanos
_2embne
_911770
700 1 _aVelasco Letelier, Eugenio.
_9139346
710 2 _aAcademia Chilena de Ciencias Sociales, Políticas y Morales
_91153
852 _aES-MaACL
_j2240-F-20
_9R.115533
999 _c170129
_d170129